[Event "FRA-chT2S 9899"]
[Site "France"]
[Date "1998.11.15"]
[Round "3"]
[White "Kerbrat, Julien"]
[Black "Olivier, Jean Christophe"]
[Result "0-1"]
[WhiteElo "2240"]
[BlackElo "2360"]
[PlyCount "80"]
[EventDate "1998.??.??"]
[EventType "team"]
[EventRounds "9"]
[EventCountry "FRA"]
[SourceTitle "EXT 2002"]
[Source "ChessBase"]
[SourceDate "2001.11.25"]
[SourceVersion "1"]
[SourceVersionDate "2001.11.25"]
[SourceQuality "1"]

1. e4 c5 2. Nf3 d6 3. d4 cxd4 4. Qxd4 Nc6 5. Bb5 Bd7 6. Bxc6 Bxc6 7. Nc3 Nf6 8. Bg5 e6 9. 0-0-0 Be7 10. Qd3 0-0 11. Nd4 Qa5 12. h4 Rfc8 13. f3 Be8 14. g4 b5 15. Kb1 b4 16. Nce2 Qd8 17. Bxf6 Bxf6 18. g5 Be7 19. f4 Bf8 20. h5 Qc7 21. g6 Qc4 22. Qd2 a5 23. gxh7+ Kxh7 24. h6 g6 25. b3 Qa6 26. f5 e5 27. fxg6+ fxg6 28. Ne6 Be7 29. Ng5+ Kh8 30. Rdf1 a4 31. Nf7+ Bxf7 32. Rxf7 axb3 33. cxb3 Bg5 34. Qb2 Qd3+ 35. Ka1 Rc2 36. Qb1 Qxe2 37. a4 Be3 38. Rd1 Ra2+ 39. Qxa2 Qxd1+ 40. Qb1 Bd4+ 0-1

[Event "Montpellier op-A"]
[Site "Montpellier"]
[Date "1998.??.??"]
[Round "1"]
[White "Hamdouchi, Hicham"]
[Black "Kerbrat, Julien"]
[Result "1-0"]
[WhiteElo "2535"]
[BlackElo "2240"]
[PlyCount "41"]
[EventDate "1998.07.??"]
[EventType "swiss"]
[EventRounds "9"]
[EventCountry "FRA"]
[SourceTitle "EXT 2000"]
[Source "ChessBase"]
[SourceDate "1999.11.16"]
[SourceVersion "1"]
[SourceVersionDate "1999.11.16"]
[SourceQuality "1"]

1. e4 c5 2. Nf3 e6 3. d4 cxd4 4. Nxd4 Nf6 5. Nc3 d6 6. f4 a6 7. Qf3 Qc7 8. Bd3 Be7 9. Be3 Nbd7 10. 0-0 0-0 11. g4 b5 12. g5 Ne8 13. Qh5 Nc5 14. Rf3 g6 15. Qh6 f5 16. exf5 gxf5 17. Rg3 Rf7 18. g6 hxg6 19. Qxg6+ Ng7 20. Rh3 Bf6 21. Nxf5 1-0

[Event "FRA-chJM2"]
[Site "Rochefort"]
[Date "1998.??.??"]
[Round "2"]
[White "Kerbrat, Julien"]
[Black "Carton, Camille"]
[Result "1/2-1/2"]
[WhiteElo "2240"]
[BlackElo "2080"]
[PlyCount "62"]
[EventDate "1998.04.??"]
[EventType "swiss"]
[EventRounds "9"]
[EventCountry "FRA"]
[SourceTitle "EXT 2000"]
[Source "ChessBase"]
[SourceDate "1999.11.16"]
[SourceVersion "1"]
[SourceVersionDate "1999.11.16"]
[SourceQuality "1"]

1. e4 e6 2. Qe2 c5 3. Nf3 Nc6 4. b3 d6 5. Bb2 e5 6. g3 g6 7. Bg2 Bg7 8. 0-0 Nge7 9. d3 0-0 10. Nbd2 f5 11. Rfd1 f4 12. Nc4 b5 13. Na3 Rb8 14. c3 b4 15. Nc4 bxc3 16. Bxc3 h6 17. h3 Be6 18. Rab1 Qd7 19. Kh2 g5 20. g4 Bf6 21. Ne1 Kg7 22. Kg1 Nc8 23. Nc2 Nb6 24. f3 Bd8 25. Qe1 Nd4 26. N2a3 Nxc4 27. dxc4 Qc6 28. Qd2 Bc7 29. Nc2 Qa6 30. Kf1 Rfd8 31. Kg1 Kf7 1/2-1/2